[Event "ESP-chT U16 4th"]
[Site "Benidorm"]
[Date "2011.12.07"]
[Round "1.3"]
[White "Garcia Calderon, Pablo"]
[Black "Rios Rebollo, Victor"]
[Result "0-1"]
[WhiteElo "1455"]
[BlackElo "1848"]
[PlyCount "100"]
[EventDate "2011.12.07"]
[EventType "team"]
[EventRounds "6"]
[EventCountry "ESP"]
[SourceTitle "EXT 2015"]
[Source "ChessBase"]
[SourceDate "2014.11.20"]
[SourceVersion "1"]
[SourceVersionDate "2014.11.20"]
[SourceQuality "1"]
[WhiteTeam "Melilla (U16)"]
[BlackTeam "Vallecas CDV U16"]
[WhiteTeamCountry "ESP"]
[BlackTeamCountry "ESP"]

1. d4 e6 2. Bf4 Nf6 3. Nf3 d5 4. e3 Bd6 5. Bg3 0-0 6. c4 Qe7 7. Nc3 c6 8. Bd3 Nbd7 9. 0-0 Bxg3 10. hxg3 dxc4 11. Bxc4 e5 12. Qc2 exd4 13. Nxd4 Nb6 14. Bb3 Rd8 15. Rad1 Bg4 16. Rd2 Rd7 17. Nf3 Rxd2 18. Qxd2 Rd8 19. Qc2 Be6 20. Rd1 Bxb3 21. Rxd8+ Qxd8 22. Qxb3 h6 23. Ne2 c5 24. Nf4 c4 25. Qc2 g5 26. Ne2 a6 27. Ned4 Nfd5 28. a3 Qc8 29. Nf5 Qe6 30. N3d4 Qf6 31. Qe4 Kf8 32. a4 a5 33. Nb5 Ne7 34. Qxe7+ Qxe7 35. Nxe7 Kxe7 36. Nc3 Kd6 37. Kf1 Kc5 38. f4 gxf4 39. gxf4 Kb4 40. e4 Nxa4 41. Nxa4 Kxa4 42. e5 Kb5 43. f5 Kc6 44. Ke2 b5 45. Ke3 Kd5 46. e6 fxe6 47. f6 Kd6 48. Ke4 a4 49. Kd4 Kd7 50. g3 Ke8 0-1